000 00233nam a2200097Ia 4500
008 230508s1998 xx 000 0 und d
041 _aeng
100 _aSCHARFF & DUFFY
245 _aMOTOR AUTOBODY REPAIR
260 _bDELMAR PUB
_c1998
999 _c739240
_d739240